000 00394nam a2200133Ia 4500
008 220217s9999||||xx |||||||||||||| ||und||
020 _a81-203-0868-9
082 _a004.65 KOS
100 _aKosko, Bart
_91150
245 0 _aNural networks and fuzzy systems: a dynamical systems approa
260 _aPrentice hall of india
_bNew Delhi
_c1997
300 _b275
650 _aCOMPUTER NETWORK
999 _c165940
_d165940